[Event "Hillerod-ch C"]
[Site "Hillerod"]
[Date "2022.05.15"]
[Round "1"]
[White "Nygaard, Soren"]
[Black "Jarulf, Birger"]
[Result "1-0"]
[WhiteElo "1704"]
[BlackElo "1709"]
[PlyCount "53"]
[EventDate "2022.05.15"]
[EventType "tourn"]
[EventRounds "5"]
[EventCountry "DEN"]
[SourceTitle "EXT 2024"]
[Source "ChessBase"]
[SourceDate "2023.10.10"]
[SourceVersion "1"]
[SourceVersionDate "2023.10.10"]
[SourceQuality "1"]

1. c4 f5 2. Nc3 Nf6 3. g3 e5 4. d3 Bb4 5. Bg2 0-0 6. e3 c6 7. Nge2 d5 8. cxd5 cxd5 9. 0-0 Nc6 10. a3 Ba5 11. b4 Bc7 12. Bb2 a6 13. Rc1 Be6 14. Na4 Qe8 15. Nc5 Bc8 16. Re1 b6 17. Nb3 Bb7 18. Nd2 Rc8 19. Qb3 Qf7 20. Rc2 Ne7 21. Rec1 Bd6 22. Nf3 Rxc2 23. Rxc2 Rc8 24. Rxc8+ Bxc8 25. Bxe5 Qe6 26. Nf4 Qd7 27. Bxf6 1-0

[Event "Hillerod-ch C"]
[Site "Hillerod"]
[Date "2017.06.13"]
[Round "7"]
[White "Jarulf, Birger"]
[Black "Eliasen, Rune"]
[Result "1/2-1/2"]
[WhiteElo "1676"]
[BlackElo "1651"]
[PlyCount "53"]
[EventDate "2017.05.02"]
[EventType "tourn"]
[EventRounds "7"]
[EventCountry "DEN"]
[SourceTitle "EXT 2023"]
[Source "ChessBase"]
[SourceDate "2022.10.05"]
[SourceVersion "1"]
[SourceVersionDate "2022.10.05"]
[SourceQuality "1"]

1. d4 Nf6 2. Bf4 g6 3. e3 Bg7 4. Be2 d6 5. h3 0-0 6. c4 Nbd7 7. Nf3 Qe8 8. 0-0 e5 9. Bh2 h6 10. Nc3 c6 11. b4 Qe6 12. Qb3 e4 13. Nd2 d5 14. c5 Nh7 15. b5 f5 16. bxc6 bxc6 17. Rfb1 g5 18. Bd6 Rf7 19. Qa4 Nxc5 20. Bxc5 Bf8 21. Bxf8 Nxf8 22. Nb3 Qd6 23. Nc5 f4 24. Bf1 fxe3 25. fxe3 Bxh3 26. Ne2 Qf6 27. gxh3 1/2-1/2

[Event "Hillerod-ch C"]
[Site "Hillerod"]
[Date "2017.05.02"]
[Round "1"]
[White "Christoffersen, Micki Aron"]
[Black "Jarulf, Birger"]
[Result "0-1"]
[WhiteElo "1420"]
[BlackElo "1676"]
[PlyCount "140"]
[EventDate "2017.05.02"]
[EventType "tourn"]
[EventRounds "7"]
[EventCountry "DEN"]
[SourceTitle "EXT 2023"]
[Source "ChessBase"]
[SourceDate "2022.10.05"]
[SourceVersion "1"]
[SourceVersionDate "2022.10.05"]
[SourceQuality "1"]

1. e4 b6 2. Nf3 Bb7 3. Nc3 e6 4. d4 Bb4 5. Bd2 Bxc3 6. Bxc3 Bxe4 7. Bd3 Bxd3 8. Qxd3 Nf6 9. 0-0-0 d5 10. Ne5 0-0 11. f3 Nbd7 12. Rde1 Nxe5 13. Rxe5 Nd7 14. Ree1 c6 15. g4 Nf6 16. g5 Nh5 17. Reg1 g6 18. Rg4 Qc7 19. Qe3 a5 20. f4 b5 21. Qe5 Rfc8 22. Re1 b4 23. Bd2 c5 24. dxc5 Qxe5 25. Rxe5 Rxc5 26. b3 Rac8 27. Re2 Rxc2+ 28. Kb1 Ng7 29. Rgg2 Nf5 30. Be1 Rxe2 31. Rxe2 Nd6 32. Kb2 Ne4 33. a3 Rb8 34. Bg3 Kf8 35. Bf2 Ke7 36. Bd4 bxa3+ 37. Kxa3 Rb4 38. Be5 Nd6 39. Bc3 Nb5+ 40. Kb2 Nxc3 41. Kxc3 Rxf4 42. Ra2 Rg4 43. Rxa5 Rxg5 44. b4 Kd6 45. Ra6+ Ke5 46. b5 Rg1 47. b6 Rb1 48. Ra7 Rxb6 49. Rxf7 h5 50. Rf2 Rb1 51. Re2+ Kf6 52. Rf2+ Kg7 53. Re2 Rb6 54. Kd4 Rb4+ 55. Kc5 Re4 56. Rf2 d4 57. Kc4 e5 58. Kd3 Re3+ 59. Kd2 g5 60. Rf1 g4 61. Rg1 Kf6 62. Rf1+ Kg5 63. Rf2 Kh4 64. Rf6 Kh3 65. Rf2 h4 66. Kd1 g3 67. hxg3 hxg3 68. Rf5 e4 69. Rd5 d3 70. Kd2 Re2+ 0-1

[Event "Hillerod Byturnering C"]
[Site "Hillerod"]
[Date "2016.05.10"]
[Round "2"]
[White "Jorgensen, Orla Eilegaard"]
[Black "Jarulf, Birger"]
[Result "0-1"]
[WhiteElo "1661"]
[BlackElo "1668"]
[PlyCount "60"]
[EventDate "2016.04.26"]
[EventType "tourn"]
[EventRounds "7"]
[EventCountry "DEN"]
[SourceTitle "EXT 2024"]
[Source "ChessBase"]
[SourceDate "2023.10.10"]
[SourceVersion "1"]
[SourceVersionDate "2023.10.10"]
[SourceQuality "1"]

1. d4 d5 2. Bf4 c5 3. c3 Nf6 4. e3 Nc6 5. Bd3 cxd4 6. exd4 e6 7. Nd2 Bd6 8. Bg3 a6 9. f4 b5 10. Ngf3 Bb7 11. Ne5 Rc8 12. 0-0 b4 13. Qa4 bxc3 14. bxc3 0-0 15. Rab1 Qc7 16. Rxb7 Qxb7 17. Bxa6 Qa8 18. Bb5 Na7 19. c4 Nxb5 20. Qxb5 Qxa2 21. Be1 Rb8 22. Qc6 Bb4 23. cxd5 Bxd2 24. dxe6 Kh8 25. Bh4 Be3+ 26. Kh1 Rb1 27. Qf3 Rxf1+ 28. Qxf1 Bxd4 29. g4 Bxe5 30. fxe5 Qd5+ 0-1

[Event "Hillerod Nordea Cup C"]
[Site "Hillerod"]
[Date "2014.04.29"]
[Round "4"]
[White "Jarulf, Birger"]
[Black "Jorgensen, Orla Eilegaard"]
[Result "1-0"]
[WhiteElo "1722"]
[BlackElo "1594"]
[PlyCount "117"]
[EventDate "2014.04.29"]
[EventType "tourn"]
[EventRounds "7"]
[EventCountry "DEN"]
[SourceTitle "EXT 2024"]
[Source "ChessBase"]
[SourceDate "2023.10.10"]
[SourceVersion "1"]
[SourceVersionDate "2023.10.10"]
[SourceQuality "1"]

1. d4 d5 2. Bf4 Nf6 3. e3 Bf5 4. c4 c6 5. Qb3 Qc8 6. Nc3 e6 7. Be2 Nbd7 8. Nf3 Be7 9. Ne5 a5 10. Nxd7 Qxd7 11. c5 Ne4 12. Na4 Bd8 13. Nb6 Bxb6 14. Qxb6 0-0 15. f3 Nf6 16. a4 Rfe8 17. g4 Bg6 18. Ra3 Qc8 19. Kf2 Nd7 20. Qc7 Qxc7 21. Bxc7 e5 22. Re1 exd4 23. exd4 Nf8 24. Bd1 Ne6 25. Bb6 f6 26. Rae3 Nxd4 27. Rxe8+ Bxe8 28. Re7 f5 29. Rxb7 fxg4 30. fxg4 Kf8 31. Bc7 Ne6 32. Bd6+ Kg8 33. Bc2 g6 34. Kg3 Nd4 35. Bd3 Ne6 36. h4 Nd8 37. Re7 Nf7 38. Bf4 Kf8 39. Rb7 Kg8 40. g5 Kf8 41. Kf3 Kg8 42. Ke3 Nd8 43. Re7 Bf7 44. Bd6 Ne6 45. Kd2 Nd4 46. Kc3 Ne6 47. Be2 Nd8 48. Bg4 Ra6 49. Kd4 Ra8 50. Ke5 Kg7 51. Rc7 Kg8 52. Rc8 Rxc8 53. Bxc8 Be8 54. Bc7 Nf7+ 55. Kf6 d4 56. Bxa5 d3 57. Bd2 Kf8 58. a5 h6 59. a6 1-0

[Event "Hillerod Nordea Cup C"]
[Site "Hillerod"]
[Date "2014.04.29"]
[Round "3"]
[White "Jarulf, Birger"]
[Black "Larsen, Finn"]
[Result "1-0"]
[WhiteElo "1722"]
[BlackElo "1847"]
[PlyCount "53"]
[EventDate "2014.04.29"]
[EventType "tourn"]
[EventRounds "7"]
[EventCountry "DEN"]
[SourceTitle "EXT 2024"]
[Source "ChessBase"]
[SourceDate "2023.10.10"]
[SourceVersion "1"]
[SourceVersionDate "2023.10.10"]
[SourceQuality "1"]

1. d4 Nf6 2. Nf3 d5 3. e3 e6 4. Bd3 c5 5. 0-0 Nc6 6. b3 cxd4 7. exd4 Be7 8. a3 Qc7 9. Bb2 Bd7 10. Qe2 0-0 11. Nbd2 h6 12. Ne5 Nxe5 13. dxe5 Nh7 14. Nf3 Ng5 15. Nd4 f6 16. Nb5 Bxb5 17. Bxb5 f5 18. Bd3 Bc5 19. b4 Qb6 20. c4 Bd4 21. c5 Bxc5 22. bxc5 Qxc5 23. Rfc1 Qe7 24. f3 Qf7 25. h4 Nh7 26. Bd4 g5 27. Bf2 1-0

[Event "Hillerod Nordea Cup C"]
[Site "Hillerod"]
[Date "2014.04.29"]
[Round "7"]
[White "Nygaard, Soren"]
[Black "Jarulf, Birger"]
[Result "1-0"]
[WhiteElo "1680"]
[BlackElo "1722"]
[PlyCount "89"]
[EventDate "2014.04.29"]
[EventType "tourn"]
[EventRounds "7"]
[EventCountry "DEN"]
[SourceTitle "EXT 2024"]
[Source "ChessBase"]
[SourceDate "2023.10.10"]
[SourceVersion "1"]
[SourceVersionDate "2023.10.10"]
[SourceQuality "1"]

1. d4 d5 2. c4 e6 3. Nc3 f5 4. cxd5 exd5 5. Bf4 c6 6. e3 Nf6 7. Bd3 Bd6 8. Nge2 0-0 9. 0-0 Kh8 10. Rb1 Ne4 11. f3 Bxf4 12. exf4 Nd6 13. b4 a6 14. a4 b5 15. a5 Ra7 16. Qc2 Nc4 17. Bxc4 dxc4 18. Rbd1 Be6 19. Rfe1 Bd5 20. Ng3 Raf7 21. Re2 Qd6 22. Nxd5 cxd5 23. Re5 g6 24. Qc3 Nc6 25. Rb1 Nxe5 26. fxe5 Qe7 27. f4 Qe6 28. Ne2 Rc7 29. Qf3 Kg7 30. Nc3 Rd8 31. Kf2 Kf7 32. Ke3 Qd7 33. Kd2 Ke6 34. Nd1 Qf7 35. Kc3 Qf8 36. Ne3 Rg7 37. Rf1 Rf7 38. Rf2 Qh6 39. g4 Qh4 40. h3 fxg4 41. hxg4 h5 42. f5+ gxf5 43. gxf5+ Ke7 44. f6+ Ke6 45. Qf5# 1-0

[Event "Hillerod op"]
[Site "Hillerod"]
[Date "2014.??.??"]
[Round "2"]
[White "Jarulf, Birger"]
[Black "Sorensen, Viggo"]
[Result "0-1"]
[WhiteElo "1738"]
[BlackElo "1630"]
[PlyCount "100"]
[EventDate "2014.08.26"]
[EventType "swiss"]
[EventRounds "7"]
[EventCountry "DEN"]
[SourceTitle "EXT 2024"]
[Source "ChessBase"]
[SourceDate "2023.10.10"]
[SourceVersion "1"]
[SourceVersionDate "2023.10.10"]
[SourceQuality "1"]

1. d4 d5 2. Bf4 Nf6 3. e3 Bf5 4. c4 dxc4 5. Bxc4 e6 6. Nc3 Bd6 7. Bg3 0-0 8. Nf3 Nbd7 9. Nh4 Bg4 10. f3 Bh5 11. Bxd6 cxd6 12. g3 Rc8 13. Bd3 Ne8 14. 0-0 d5 15. Qc2 f5 16. Ng2 Nd6 17. Rac1 a6 18. Nf4 Bf7 19. Qg2 b5 20. a3 Nc4 21. Rfe1 g5 22. Nh3 Kh8 23. e4 g4 24. exf5 gxh3 25. Qxh3 Nf6 26. fxe6 Qb6 27. Bxh7 Qxd4+ 28. Kh1 Nxh7 29. exf7 Rc7 30. Rcd1 Qf2 31. Rf1 Qxb2 32. Nxd5 Rcxf7 33. f4 Qxa3 34. Rde1 Qd6 35. Rd1 Qc6 36. Kg1 Qc5+ 37. Kh1 a5 38. g4 Kg8 39. g5 Qc6 40. Kg1 a4 41. Qh5 Qc5+ 42. Kg2 a3 43. g6 Rg7 44. f5 Ne3+ 45. Nxe3 Qxe3 46. Rf2 Nf6 47. Qh4 Ne4 48. Rc2 Rxg6+ 49. fxg6 Qf3+ 50. Kg1 Qxd1+ 0-1